Musikinstrumente auf Bildern erkennen - Statistiken

Allgemein
  • Dieses Quiz wurde 8.181 mal gespielt
  • Das Durchschnittsergebnis liegt bei 6 aus 8
Antwortstatistiken
Frage Antwort % Korrekt
Akkordeon
96%
Panflöte
92%
Kontrabass
91%
Becken
82%
Fagott
76%
Maracas
72%
Mandoline
45%
Flügelhorn
22%
Keine übereinstimmenden Quizze gefunden
Verteilung der Resultate
Anzahl Personen mit jedem Resultat
Perzentil nach korrekt beantworteten Fragen
Ihre Resultats-Entwicklung
Sie haben dieses Quiz noch nicht gespielt